Lectures on advanced ordinary diferential equations
שמור ב:
| מחבר ראשי: | |
|---|---|
| פורמט: | ספר |
| שפה: | אנגלית |
| יצא לאור: |
Nueva York
Gordon and Breach
1965
|
| סדרה: | Notes on Mathematics and its Applications
|
| נושאים: | |
| תגים: |
הוספת תג
אין תגיות, היה/י הראשונ/ה לתייג את הרשומה!
|
MARC
| LEADER | 00000nam a2200000 a 4500 | ||
|---|---|---|---|
| 001 | UCW0751 | ||
| 003 | CL-VaPUC | ||
| 008 | 890502e19650000US |||||||||||||||||eng|d | ||
| 082 | 0 | 4 | |a 515.352 |b FRI |2 21 |
| 100 | 0 | |a Friedrichs, Kurt Otto |e author |9 304671 | |
| 245 | 1 | 0 | |a Lectures on advanced ordinary diferential equations |
| 300 | |a 205 p | ||
| 942 | |c BK | ||
| 945 | |d 19890502 00:00:00 | ||
| 260 | |a Nueva York |b Gordon and Breach |c 1965 | ||
| 650 | 0 | |a Ecuaciones diferenciales |9 260083 | |
| 583 | |a last modification |c 19890502 00:00:00 |k Rodrigo Vera | ||
| 490 | 0 | |a Notes on Mathematics and its Applications | |
| 999 | |c 215810 |d 215808 | ||
| 952 | |0 0 |1 0 |4 0 |6 515_352000000000000_FRI_1965 |7 0 |8 A |9 200877 |a BIBMAT |b BIBMAT |d 2019-11-14 |i 2680025 |o 515.352 FRI 1965 |p 2680025 |r 2025-01-07 |w 2019-11-14 |y BK |k MAT | ||